000 00470nam a2200193Ia 4500
005 20250423095827.0
008 250422s9999 xx 000 0 und d
020 _a0130331902
050 _aT 56 .T39/
100 _aTaylor, Bernard W.
245 0 _aIntroduction to management science
250 _a7th ed.
260 _aUpper Saddle River, N.J.
260 _bPrentice Hall
260 _c2002
300 _a765 p
650 _aManagement science.
942 _cBK
999 _c31450
_d31450